000 01169cam a2200289 a 4500
001 14190275
003 ARRUPE
005 20150205020008.0
008 051206s2005 ug b 001 0 eng
010 _a 2005325824
020 _a9970024809
040 _aDLC
_cDLC
_dDLC
043 _afe-----
050 0 0 _aJQ2945.A58
_bA74 2005
100 1 _aAseka, Eric Masinde.
_910472
245 1 0 _aTransformational leadership in East Africa :
_bpolitics, ideology, and community /
_cEric Masinde Aseka.
260 _aKampala :
_bFountain Publishers ;
_aOxford, U.K. :
_bDistributed in Europe, North America, and Australia by African Books Collective,
_c2005.
300 _aviii, 464 p. ;
_c22 cm.
500 _a"Centre for Basic Research, Kampala."
504 _aIncludes bibliographical references (p. 427-454) and index.
650 0 _aPolitical leadership
_zAfrica, East.
_910473
651 0 _aAfrica, East
_xPolitics and government.
_910474
856 4 1 _3Table of contents
_uhttp://www.loc.gov/catdir/toc/fy0601/2005325824.html
906 _a7
_bcbc
_corigode
_d3
_encip
_f20
_gy-gencatlg
942 _2lcc
_cMONOGRAPH
_01
999 _c120575
_d120575